Đặc điểm bệnh học bệnh xuất huyết trên cá bóng kèo (Pseudapocryptes lanceolatus) nuôi ở tỉnh Bạc Liêu : Chuyên đề luận án tiến sĩ
Nội dung đề tài xác định được đặc điểm bệnh học của bệnh xuất huyết trên cá bống kèo nuôi thương phẩm.
محفوظ في:
| المؤلف الرئيسي: | |
|---|---|
| التنسيق: | كتاب |
| اللغة: | Undetermined |
| منشور في: |
Cần Thơ
Trường Đại học Cần Thơ
2013
|
| الموضوعات: | |
| الوسوم: |
إضافة وسم
لا توجد وسوم, كن أول من يضع وسما على هذه التسجيلة!
|
| Thư viện lưu trữ: | Trung tâm Học liệu Trường Đại học Cần Thơ |
|---|
| LEADER | 01063nam a2200241Ia 4500 | ||
|---|---|---|---|
| 001 | CTU_205090 | ||
| 008 | 210402s9999 xx 000 0 und d | ||
| 082 | |a 639.31 | ||
| 082 | |b D513 | ||
| 088 | |a TNCS2013-25 | ||
| 100 | |a Nguyễn, Thu Dung | ||
| 245 | 0 | |a Đặc điểm bệnh học bệnh xuất huyết trên cá bóng kèo (Pseudapocryptes lanceolatus) nuôi ở tỉnh Bạc Liêu : | |
| 245 | 0 | |b Chuyên đề luận án tiến sĩ | |
| 245 | 0 | |c Nguyễn Thu Dung (Chủ nhiệm đề tài) ; Đặng Thị Hoàng Oanh (Cán bộ hướng dẫn) | |
| 260 | |a Cần Thơ | ||
| 260 | |b Trường Đại học Cần Thơ | ||
| 260 | |c 2013 | ||
| 520 | |a Nội dung đề tài xác định được đặc điểm bệnh học của bệnh xuất huyết trên cá bống kèo nuôi thương phẩm. | ||
| 650 | |a Fishes,Cá | ||
| 650 | |x Diseases,Bệnh | ||
| 904 | |i Tuyến | ||
| 915 | |a TS | ||
| 980 | |a Trung tâm Học liệu Trường Đại học Cần Thơ | ||